Word Ladders: Animal Talk Quiz Stats

Quiz Updated Nov 15, 2015

Challenge
Share
Tweet
Embed
Score 0/57 Timer 06:00
3 Plays Today
Hint 4-Letter Word % Correct
CatsBROW
98.3%
CatsBREW
97.8%
Cats♬MEOW♬
97.6%
CatsBOAR
96.9%
CatsREAL
96.8%
CatsREAR
95.5%
Cats♬ROAR♬
95.2%
Cats♬PURR♬
93.7%
Dogs♬WOOF♬
93.6%
DogsWOOL
93.2%
DogsWOLF
93.1%
Dogs♬BARK♬
93%
DogsHELP
92.5%
DogsGOLD
92.3%
DogsBOWL
92%
Birds♬HOOT♬
90.6%
DogsHELD
90.6%
DogsCOOL
90.5%
BirdsSING
90.4%
DogsGOLF
89.6%
DogsBOIL
89.1%
Dogs♬HOWL♬
89%
BirdsHALT
88.9%
CatsMROW
88.6%
BirdsHALL
88.5%
DogsGELD
88.5%
BirdsHONK
88.5%
BirdsHOOK
87.6%
BirdsMALT
87.4%
Hint 4-Letter Word % Correct
DogsCOIL
87.3%
BirdsPINT
86.4%
Dogs♬YELP♬
85.4%
DogsHARK
85.1%
BirdsPING
84.9%
BirdsBONK
84.5%
BirdsMOLT
84.4%
Birds♬SONG♬
84.2%
CatsBRER
84.1%
BirdsBONG
82.8%
BirdsMOOT
82.6%
CatsBOER
82%
CatsPARS
81.7%
DogsHAWS
80%
CatsPEAL
79.6%
CatsPARR
79.6%
CatsPURL
78.2%
DogsHAWK
77.7%
DogsHOWS
76.2%
CatsPERL
74.4%
BirdsPENT
74.1%
Cats♬HISS♬
73%
CatsPASS
72.9%
CatsHASS
67.4%
BirdsPERP
66.6%
Birds♬CALL♬
66.2%
Birds♬PEEP♬
64.6%
BirdsPERT
63.8%

Today's Daily Dose

Missing Word
Jazz Songs 'C'

On This Day
January 18th

You're not logged in!

Compare scores with friends on all Sporcle quizzes.
Sign Up with Email
OR
Log In

You Might Also Like...

Show Comments

Extras

Top Quizzes Today


Score Distribution

Your Account Isn't Verified!

In order to create a playlist on Sporcle, you need to verify the email address you used during registration. Go to your Sporcle Settings to finish the process.